000
00258nam a2200109Ia 4500
008
190216s9999||||xx |||||||||||||| ||und||
100
_a
Ramakrishnan H T
245
0
_a
International Relations
260
_b
Lalitha Prakashan
650
_a
History
942
_c
BK
999
_c
20401
_d
20401